MARC

LEADER 00000nam0a2200000 4500
001 160888
005 20231031155736.0
035 |a (RuTPU)RU\TPU\book\174481 
090 |a 160888 
100 |a 20090530d1965 m y0rusy50 ca 
101 0 |a rus 
102 |a RU 
105 |a a j 001zy 
200 1 |a Резиновые технические изделия  |e учебное пособие  |f В. А. Лепетов 
210 |a Москва  |a Ленинград  |c Химия  |d 1965 
215 |a 472 с.  |c ил. 
320 |a Библиография в конце глав. 
320 |a Предметный указатель: с. 469-472. 
610 1 |a резиновые изделия 
610 1 |a производство 
610 1 |a приводные ремни 
610 1 |a рукава 
610 1 |a резиновые детали 
610 1 |a конструкционные материалы 
610 1 |a резина 
610 1 |a армирующие материалы 
610 1 |a проектные расчеты 
610 1 |a трубчатые конструкции 
610 1 |a учебные пособия 
675 |a 678.1(075.8)  |v 3 
700 1 |a Лепетов  |b В. А.  |g Василий Александрович 
801 1 |a RU  |b 63413507  |c 20090530  |g PSBO 
801 2 |a RU  |b 63413507  |c 20131202  |g RCR 
942 |c BK